000 01174nam a2200349 i 4500
001 11499
003 KOSZ 005
005 20200714083934.0
008 070831s1969 pl a f 001 0 pol
015 _aPB 1969/632
040 _aWA N
_cKOSZ 005/RW
_dKOSZ 005/RW
_dKOSZ 005/HR
041 1 _apol
_heng
046 _k1969
080 _a539.1
080 _a629.78
100 1 _aWeber, Robert L.
_eAutor
245 1 0 _aFizyka współczesna dla nauczycieli /
_cRobert L. Weber ; tł. Jan Blinowski.
246 1 _iTyt. oryg.:
_aPhysics for teachers :
_ba modern review.
260 _aWarszawa :
_bPaństwowe Wydawnictwo Naukowe,
_c1969.
300 _a335, [1] s. :
_bil. ;
_c23 cm.
380 _aKsiążki.
388 _a1901-
504 _aBibliogr. s. [328]. Indeks.
650 4 _aFizyka atomowa
658 _aFizyka i astronomia
658 _aInżynieria i technika
650 4 _aAstronautyka
700 1 _aBlinowski, Jan
_d(1939- ).
_eTłumaczenie
710 2 _aPaństwowe Wydawnictwo Naukowe
_4pbl.
856 _uhttp://koha.tu.koszalin.pl/cgi-bin/koha/opac-detail.pl?biblionumber=11499
_yKatalog online BPK
942 _2UKD
_cKS
999 _c11499
_d11499